A Day in the life of America / (Record no. 522717)
[ view plain ]
| 000 -LEADER | |
|---|---|
| fixed length control field | 01191cam a2200313 a 4500 |
| 001 - CONTROL NUMBER | |
| control field | 3824129 |
| 003 - CONTROL NUMBER IDENTIFIER | |
| control field | NUST |
| 005 - DATE AND TIME OF LATEST TRANSACTION | |
| control field | 20190103055242.0 |
| 008 - FIXED-LENGTH DATA ELEMENTS--GENERAL INFORMATION | |
| fixed length control field | 860623s1986 nyua 000 0 eng |
| 010 ## - LIBRARY OF CONGRESS CONTROL NUMBER | |
| LC control number | 86017190 |
| 020 ## - INTERNATIONAL STANDARD BOOK NUMBER | |
| International Standard Book Number | 0002177056 (returnable ed.) : |
| Terms of availability | $39.95 |
| 020 ## - INTERNATIONAL STANDARD BOOK NUMBER | |
| International Standard Book Number | 000217734X (nonreturanable ed.) : |
| Terms of availability | $39.95 |
| 038 ## - RECORD CONTENT LICENSOR | |
| Staff Name | waseem |
| 040 ## - CATALOGING SOURCE | |
| Original cataloging agency | DLC |
| Transcribing agency | DLC |
| Modifying agency | DLC |
| -- | OCoLC |
| 043 ## - GEOGRAPHIC AREA CODE | |
| Geographic area code | n-us--- |
| 050 00 - LIBRARY OF CONGRESS CALL NUMBER | |
| Classification number | E169.Z82 |
| Item number | D38 1986 |
| 082 00 - DEWEY DECIMAL CLASSIFICATION NUMBER | |
| Classification number | 973.9270222 |
| Author Mark | SMO |
| 245 02 - TITLE STATEMENT | |
| Title | A Day in the life of America / |
| Statement of responsibility, etc. | photographed by 200 of the world's leading photojournalists on one day, May 2, 1986 ; [project directors, Rick Smolan and David Cohen ; art director, Leslie Smolan]. |
| 260 ## - PUBLICATION, DISTRIBUTION, ETC. | |
| Place of publication, distribution, etc. | New York : |
| Name of publisher, distributor, etc. | Collins Publishers, |
| Date of publication, distribution, etc. | 1986. |
| 300 ## - PHYSICAL DESCRIPTION | |
| Extent | 268 p. : |
| Other physical details | chiefly col. ill. ; |
| Dimensions | 37 cm. |
| 650 #0 - SUBJECT ADDED ENTRY--TOPICAL TERM | |
| Topical term or geographic name entry element | Photojournalism |
| Geographic subdivision | United States. |
| 9 (RLIN) | 12925 |
| 651 #0 - SUBJECT ADDED ENTRY--GEOGRAPHIC NAME | |
| Geographic name | United States |
| General subdivision | Pictorial works. |
| 9 (RLIN) | 12926 |
| 651 #0 - SUBJECT ADDED ENTRY--GEOGRAPHIC NAME | |
| Geographic name | United States |
| General subdivision | Social life and customs |
| Chronological subdivision | 1971- |
| General subdivision | Pictorial works. |
| 9 (RLIN) | 12927 |
| 700 1# - ADDED ENTRY--PERSONAL NAME | |
| Personal name | Smolan, Rick. |
| 9 (RLIN) | 12928 |
| 700 1# - ADDED ENTRY--PERSONAL NAME | |
| Personal name | Cohen, David, |
| Dates associated with a name | 1955- |
| 9 (RLIN) | 12929 |
| 700 1# - ADDED ENTRY--PERSONAL NAME | |
| Personal name | Smolan, Leslie. |
| 9 (RLIN) | 12930 |
| 906 ## - LOCAL DATA ELEMENT F, LDF (RLIN) | |
| a | 7 |
| b | cbc |
| c | orignew |
| d | 1 |
| e | ocip |
| f | 19 |
| g | y-gencatlg |
| 942 ## - ADDED ENTRY ELEMENTS (KOHA) | |
| Source of classification or shelving scheme | |
| Koha item type | Book |
| Withdrawn status | Lost status | Source of classification or shelving scheme | Damaged status | Not for loan | Collection code | Permanent Location | Current Location | Shelving location | Date acquired | Source of acquisition | Full call number | Barcode | Date last seen | Price effective from | Koha item type |
|---|---|---|---|---|---|---|---|---|---|---|---|---|---|---|---|
| Central Library (CL) | Central Library (CL) | Book Cart | 01/03/2019 | Donation | 973.9270222 SMO | CL-D-238 | 02/14/2022 | 01/03/2019 | Reference |
